000 00572nam a2200241Ia 4500
008 170203s9999 xx 000 0 und d
020 _a1901323099
050 _a612
050 _bH315h 1999
100 _aTibbitts, Richard.
245 _aHuman body /
245 _cRichard Tibbitts.
260 _aWitney :
260 _bOrpheus,
260 _c1999
300 _a1 volume :
300 _bcolor illustrations ;
300 _c27 cm.
440 _aMix and match.
650 _aHuman body --
650 _aHuman body.
650 _xJuvenile literature.
999 _c305721
_d305721